Edgar Cayce - Hlas duše [najznámější výklady nejslavnějšího amerického senzibila ; z anglického originálu přeložil M. Židlický]

Bibliographic Details
Main Author: Thurston, Mark A. (Author)
Other Authors: Židlický, Milan (Translator)
Format: Book
Language:Czech
PhysicalDescription:136 s. 19 cm
Published: Bratislava Eko-konzult 2003
ISBN:8089044549
Edition:1. vyd.
Subjects:

MARC

LEADER 00000nam a2200000 a 4500
001 vtls001455478
003 SK-MaSNL
005 20260301073228.0
008 240318s2003 xo g 0 cze
015 |a SNBA2004/02-00802 
020 |a 8089044549 
035 |a SNK000410785 
040 |a SNK  |b slo  |c SNK  |e AACR2 
041 0 |a cze 
043 |a n-us--- 
044 |a xo  |c SK 
072 7 |a 13  |2 konspekt 
080 |a 133.3=162.3  |2 2. slo 
080 |a 133.3-051  |2 1981 
080 |a 165.322  |2 1981 
080 |a 17.02  |2 1981 
080 |a (0.062)  |2 1981 
100 1 |a Thurston, Mark A.  |4 aut  |9 393968 
245 1 0 |a Edgar Cayce - Hlas duše  |c Mark Thurston  |b [najznámější výklady nejslavnějšího amerického senzibila ; z anglického originálu přeložil M. Židlický] 
250 |a 1. vyd. 
260 |a Bratislava  |b Eko-konzult  |c 2003 
300 |a 136 s.  |c 19 cm 
500 |a Údaj o prekl. prevzatý z tir. 
600 1 7 |a Cayce, Edgar,  |d 1877-1945  |9 117764 
650 0 7 |a jasnovidci  |2 SNK  |9 2097 
650 0 7 |a duchovný život  |2 SNK  |9 1807 
650 0 7 |a duchovné poznanie  |2 SNK  |9 3767 
650 0 7 |a životná harmónia  |2 SNK  |9 4976 
650 0 7 |a filozofia ducha  |2 konspekt  |9 21767 
655 7 |a príručky  |2 SNK  |9 74364 
655 7 |a populárno-náučné publikácie  |2 SNK  |9 70460 
700 1 |a Židlický, Milan  |4 trl  |9 65070 
919 |a 80-89044-54-9 
958 |a OP 
958 |a NS 
958 |a US 
968 |a Čes  |b ENG  |d 1 
999 |c 643539  |d 645469 
952 |t P60, <03>, [BOOK], {603}  |a SNK  |b SNK  |y PREZ  |7 0  |p 17A0387491  |o snkSD 73027  |i snkKSP 7543/2003  |0 0  |1 0  |4 0  |d 2003-06-19  |l 0  |r 2025-11-20 00:00:00  |w 2026-02-23 
952 |t P60, <04>, [BOOK], {604}  |a SNK  |b SNK  |y VYP  |7 0  |p 17A0387492  |o snkSD 73027 D1  |i snkKSP 7544/2003  |0 0  |1 0  |4 0  |d 2003-06-19  |l 0  |r 2005-01-02 00:00:00  |w 2026-02-23